000 00243nam a2200109Ia 4500
999 _c9217
_d9217
020 _a978-0321393616
100 _aNeil A. Weiss
245 0 _aIntroductory Statistics
260 _aNew Delhi
_bBantam Books Inc
_c2000
300 _a112
942 _cBK